Mathematical Optimization Theory and Operations Research 18th International Conference, MOTOR 2019, Ekaterinburg, Russia, July 8-12, 2019, Proceedings /

This book constitutes the proceedings of the 18th International Conference on Mathematical Optimization Theory and Operations Research, MOTOR 2019, held in Ekaterinburg, Russia, in July 2019. The 48 full papers presented in this volume were carefully reviewed and selected from 170 submissions. MOTOR...

Full description

Bibliographic Details
Corporate Author: SpringerLink (Online service)
Other Authors: Khachay, Michael (Editor, http://id.loc.gov/vocabulary/relators/edt), Kochetov, Yury (Editor, http://id.loc.gov/vocabulary/relators/edt), Pardalos, Panos (Editor, http://id.loc.gov/vocabulary/relators/edt)
Format: Electronic eBook
Language:English
Published: Cham : Springer International Publishing : Imprint: Springer, 2019.
Edition:1st ed. 2019.
Series:Theoretical Computer Science and General Issues ; 11548
Subjects:
Online Access:Full Text via HEAL-Link
LEADER 03980nam a2200601 4500
001 978-3-030-22629-9
003 DE-He213
005 20191026051210.0
007 cr nn 008mamaa
008 190612s2019 gw | s |||| 0|eng d
020 |a 9783030226299  |9 978-3-030-22629-9 
024 7 |a 10.1007/978-3-030-22629-9  |2 doi 
040 |d GrThAP 
050 4 |a QA76.9.M35 
072 7 |a UYAM  |2 bicssc 
072 7 |a COM018000  |2 bisacsh 
072 7 |a UYAM  |2 thema 
072 7 |a UFM  |2 thema 
082 0 4 |a 004.0151  |2 23 
245 1 0 |a Mathematical Optimization Theory and Operations Research  |h [electronic resource] :  |b 18th International Conference, MOTOR 2019, Ekaterinburg, Russia, July 8-12, 2019, Proceedings /  |c edited by Michael Khachay, Yury Kochetov, Panos Pardalos. 
250 |a 1st ed. 2019. 
264 1 |a Cham :  |b Springer International Publishing :  |b Imprint: Springer,  |c 2019. 
300 |a XLI, 716 p. 306 illus., 44 illus. in color.  |b online resource. 
336 |a text  |b txt  |2 rdacontent 
337 |a computer  |b c  |2 rdamedia 
338 |a online resource  |b cr  |2 rdacarrier 
347 |a text file  |b PDF  |2 rda 
490 1 |a Theoretical Computer Science and General Issues ;  |v 11548 
505 0 |a Invited Talks -- Mathematical Programming -- Bi-level Optimization -- Integer Programming -- Combinatorial Optimization -- Optimal Control and Approximation -- Data Mining and Computational Geometry -- Games and Mathematical Economics. 
520 |a This book constitutes the proceedings of the 18th International Conference on Mathematical Optimization Theory and Operations Research, MOTOR 2019, held in Ekaterinburg, Russia, in July 2019. The 48 full papers presented in this volume were carefully reviewed and selected from 170 submissions. MOTOR 2019 is a successor of the well-known International and All-Russian conference series, which were organized in Ural, Siberia, and the Far East for a long time. The selected papers are organized in the following topical sections: mathematical programming; bi-level optimization; integer programming; combinatorial optimization; optimal control and approximation; data mining and computational geometry; games and mathematical economics. 
650 0 |a Computer science-Mathematics. 
650 0 |a Numerical analysis. 
650 0 |a Algorithms. 
650 0 |a Artificial intelligence. 
650 0 |a Data structures (Computer science). 
650 1 4 |a Math Applications in Computer Science.  |0 http://scigraph.springernature.com/things/product-market-codes/I17044 
650 2 4 |a Numeric Computing.  |0 http://scigraph.springernature.com/things/product-market-codes/I1701X 
650 2 4 |a Discrete Mathematics in Computer Science.  |0 http://scigraph.springernature.com/things/product-market-codes/I17028 
650 2 4 |a Algorithm Analysis and Problem Complexity.  |0 http://scigraph.springernature.com/things/product-market-codes/I16021 
650 2 4 |a Artificial Intelligence.  |0 http://scigraph.springernature.com/things/product-market-codes/I21000 
650 2 4 |a Data Structures.  |0 http://scigraph.springernature.com/things/product-market-codes/I15017 
700 1 |a Khachay, Michael.  |e editor.  |0 (orcid)0000-0003-3555-0080  |1 https://orcid.org/0000-0003-3555-0080  |4 edt  |4 http://id.loc.gov/vocabulary/relators/edt 
700 1 |a Kochetov, Yury.  |e editor.  |0 (orcid)0000-0001-7123-8647  |1 https://orcid.org/0000-0001-7123-8647  |4 edt  |4 http://id.loc.gov/vocabulary/relators/edt 
700 1 |a Pardalos, Panos.  |e editor.  |0 (orcid)0000-0003-2824-101X  |1 https://orcid.org/0000-0003-2824-101X  |4 edt  |4 http://id.loc.gov/vocabulary/relators/edt 
710 2 |a SpringerLink (Online service) 
773 0 |t Springer eBooks 
776 0 8 |i Printed edition:  |z 9783030226282 
776 0 8 |i Printed edition:  |z 9783030226305 
830 0 |a Theoretical Computer Science and General Issues ;  |v 11548 
856 4 0 |u https://doi.org/10.1007/978-3-030-22629-9  |z Full Text via HEAL-Link 
912 |a ZDB-2-SCS 
912 |a ZDB-2-LNC 
950 |a Computer Science (Springer-11645)